Jumping the Curve Innovation and Strategic Choice in an Age of Transition

Saved in:
Bibliographic Details
Main Author: Imparato, Nicholas
Other Authors: Harari, Oren
Format: Book
Language:English
Published: San Francisco Jossey-Bass Publ. 1996
Edition:1. ed.
Series:Jossey-Bass Management Series
Subjects:
Tags: Add Tag
No Tags, Be the first to tag this record!

MARC

LEADER 00000nam a2200000 4500
001 c019747
005 20230116131230.8
020 |a 1-55542-705-7 
041 0 |a eng 
044 |a US 
245 1 0 |a Jumping the Curve  |b Innovation and Strategic Choice in an Age of Transition  |c Nicholas Imparato, Oren Harari 
250 |a 1. ed. 
264 1 |a San Francisco  |b Jossey-Bass Publ.  |c 1996 
300 |a 324 s. 
490 1 |a Jossey-Bass Management Series 
830 0 |a Jossey-Bass Management Series 
610 2 0 |a inovácia 
610 2 0 |a reorganizácia 
610 2 0 |a transformácia 
610 2 0 |a zmeny organizačné 
610 2 0 |a zmeny štruktúrne 
610 2 0 |a plánovanie strategické 
610 2 0 |a kultúra podniková 
100 1 |a Imparato, Nicholas 
700 1 |a Harari, Oren